| 000 | 00508nam a22001937a 4500 | ||
|---|---|---|---|
| 003 | MPLRDC | ||
| 005 | 20220104123603.0 | ||
| 008 | 210129b ||||| |||| 00| 0 eng d | ||
| 020 | _a957-9492-09-3 | ||
| 082 | _a177.2 CULP | ||
| 100 | _aSTEPHANIE CULP | ||
| 245 |
_a如何每天找更多的时间 _c谢瑶玲译 |
||
| 250 | _a初版 | ||
| 260 |
_a _b九仪出版社 _c1996 |
||
| 300 | _b平 | ||
| 490 | _a成功轨迹探索系列. 3 | ||
| 650 | _a应用心理学--成功法 | ||
| 942 |
_cBK _o177.2 CULP |
||
| 999 |
_c12596 _d12586 |
||